000 01175cam a22002651i 4500
003 SA_RiAUC
005 20250803080851.0
008 250730s2014____sy g 000 0cara c
020 _a9789933480318
040 _aSA-RiKAPL
_bara
_cSA-RiAUC
_erda
043 _aa-su---
082 0 4 _a929.10953122
_qSA-RiAUC
090 _a929.10953122
_bد ا غ
100 1 _aالداغستاني، عمر بن عبد السلام،
_dتوفي بعد 1201 هجري
_eمؤلف.
245 1 0 _aتحفة الدهر ونفحة الزهر في أعيان المدينة من أهل العصر /
_cتأليف عمر بن عبد السلام الداغستاني ؛ تحقيق عارف أحمد عبد الغني.
264 1 _aدمشق :
_bدار العراب للدراسات والنشر والترجمة،
_c2014.
300 _a305 صفحة ؛
_c24 سم
336 _aنص
_btxt
_2rdacontent
_3كتاب
337 _aبدون وسيط
_bn
_2rdamedia
338 _aمجلد
_bnc
_2rdacarrier
651 7 _aالمدينة المنورة
_vتراجم
_2aucsh
700 1 _aعبد الغني، عارف أحمد
_eمحقق.
942 _2ddc
_cBOOK
_n0
949 _aSA-JeALM
_d250730
_umohamedma123
_n1
999 _c10505
_d10505